| 000 | 00837nam a22002177a 4500 | ||
|---|---|---|---|
| 999 |
_c8720 _d8720 |
||
| 003 | AR-CdUCM | ||
| 008 | 190325b ||||| |||| 00| 0 spa d | ||
| 020 | _a978-980-12-7778-1 | ||
| 040 |
_aMUNICIPALIDAD PROVINCIAL DEL CUSCO _cBIBLIOTECA MUNICIPAL DEL CUSCO |
||
| 082 |
_a232.91 / _bV786 |
||
| 100 |
_aVinke, Ramón. _924349 |
||
| 245 |
_aLa devoción a la Virgen de los próceres en la Independencia : _bBelgrano, San Martín, O'Higgins, Ribas, Bolívar, Sucre y otros / |
||
| 260 |
_aCaracas : _bAltolitho, _c2015. |
||
| 300 |
_a392 páginas ; _bFotografías, Imágenes, _c29 cm. |
||
| 505 | _aContenido: Belgrano, San Martín y O`higgins -- Ribas, Bolivar y Sucre -- Bolivar. | ||
| 650 |
_aReligión y sociología _97205 |
||
| 650 |
_aVenezuela _92312 |
||
| 650 |
_aSiglos XVIII-XIX _917135 |
||
| 942 |
_2ddc _cLIBROS |
||
| 945 | _adavv | ||